La Ciudadanía pide la palabra /

Gorde:
Xehetasun bibliografikoak
Egile nagusia: McDonald, Allan
Egile korporatiboa: CEDOH, Foro Ciudadano
Beste egile batzuk: comp
Formatua: Texto
Argitaratua: Tegucigalpa: CEDOH
Etiketak: Etiketa erantsi
Etiketarik gabe, Izan zaitez lehena erregistro honi etiketa jartzen!

MARC

LEADER 00000 a a2200000 04500
001 29551
003
040
090 |a 192600  
100 |a McDonald, Allan  
110 |a CEDOH  
245 |a La Ciudadanía pide la palabra /  |c CEDOH  
260 |a Tegucigalpa:   |b CEDOH  
300 |a 250 p  
700 |a comp  
710 |a Foro Ciudadano  
999 |c 14125  |d 14125